[Event "HUN Team League Csongrad Region 2019–2"]
[Site "Csongrád County"]
[Date "2020.02.23"]
[Round "7.1"]
[White "Tubak, Daniel"]
[Black "Csuri, Laszlo"]
[Result "1-0"]
[WhiteElo "2231"]
[BlackElo "1986"]
[PlyCount "31"]
[EventDate "2019.09.29"]
[WhiteTeam "Maróczy III."]
[BlackTeam "Röszke"]

1. e4 e5 2. Nf3 Nc6 3. Bb5 a6 4. Ba4 Nf6 5. d4 Na5 6. O-O b5 7. dxe5 Nxe4 8.
Qe1 Nc5 9. Bg5 Be7 10. Bxe7 Qxe7 11. Qxa5 Nxa4 12. Qxc7 Nxb2 13. Nc3 Nc4 14.
Nd5 Qe6 15. Qc5 Kd8 16. Ng5 1-0

[Event "HUN Team League Csongrad Region 2019–2"]
[Site "Csongrád County"]
[Date "2020.02.23"]
[Round "7.1"]
[White "Retkes, Sandor"]
[Black "Koszta, Benedek"]
[Result "0-1"]
[WhiteElo "1925"]
[BlackElo "2096"]
[PlyCount "63"]
[EventDate "2019.09.29"]
[WhiteTeam "Röszke"]
[BlackTeam "Maróczy III."]

1. d4 c5 2. d5 Nf6 3. c4 e6 4. Nc3 exd5 5. cxd5 d6 6. e4 g6 7. Bd3 Bg7 8. Nge2
a6 9. O-O b5 10. Bg5 O-O 11. Qc1 Qc7 12. a4 b4 13. Nd1 a5 14. Ne3 Ba6 15. Nc4
Bxc4 16. Qxc4 Nbd7 17. Qc1 Rac8 18. Bb1 Rfe8 19. f3 Nxd5 20. Rd1 N5b6 21. Ba2
c4 22. Nd4 Nxa4 23. Be3 d5 24. Bxc4 Qxc4 25. Qxc4 Rxc4 26. Rxa4 dxe4 27. Nb5
Nc5 28. Nd6 Nxa4 29. Nxe8 Rc8 30. Nd6 Nxb2 31. Ra1 Nc4 32. Rxa5 0-1

[Event "HUN Team League Csongrad Region 2019–2"]
[Site "Csongrád County"]
[Date "2020.02.23"]
[Round "7.1"]
[White "Bernath, Robert"]
[Black "Nagy Dani, Karoly"]
[Result "1/2-1/2"]
[WhiteElo "2035"]
[BlackElo "1802"]
[PlyCount "74"]
[EventDate "2019.09.29"]
[WhiteTeam "Maróczy III."]
[BlackTeam "Röszke"]

1. e4 e6 2. d4 d5 3. Nd2 dxe4 4. Nxe4 Nd7 5. Nf3 Be7 6. Bd3 Ngf6 7. Nxf6+ Nxf6
8. Bg5 Bd7 9. Qe2 Nd5 10. Bd2 O-O 11. O-O-O b5 12. h4 b4 13. Ne5 Be8 14. g4 c6
15. g5 Qa5 16. Bc4 Nc3 17. Bxc3 bxc3 18. Rd3 Ba3 19. Kb1 Bxb2 20. Bb3 c5 21.
Nc4 Qc7 22. Nxb2 cxb2 23. Rc3 Qb7 24. Rd1 cxd4 25. Rxd4 a5 26. h5 a4 27. Bc4 a3
28. g6 Qb6 29. gxh7+ Kxh7 30. Qd3+ Kh8 31. h6 g6 32. Rd6 Qxf2 33. Rxa3 Qe1+ 34.
Kxb2 Rxa3 35. Qxa3 Qe5+ 36. Kb1 Ba4 37. Qb2 Qxb2+ 1/2-1/2

[Event "HUN Team League Csongrad Region 2019–2"]
[Site "Csongrád County"]
[Date "2020.02.23"]
[Round "7.1"]
[White "Bartos, Ferenc"]
[Black "Borus, Andras"]
[Result "0-1"]
[WhiteElo "1715"]
[BlackElo "2024"]
[PlyCount "108"]
[EventDate "2019.09.29"]
[WhiteTeam "Röszke"]
[BlackTeam "Maróczy III."]

1. e4 c5 2. Nc3 Nc6 3. f4 g6 4. Nf3 Bg7 5. Qe2 a6 6. d3 d6 7. Nd1 e6 8. c3 Nge7
9. Nf2 Qc7 10. g4 b5 11. a3 Rb8 12. Bg2 a5 13. g5 e5 14. fxe5 Nxe5 15. Nxe5
dxe5 16. O-O Qd6 17. Bd2 O-O 18. Rad1 Be6 19. Be3 Qc7 20. Ng4 Bxg4 21. Qxg4 b4
22. axb4 axb4 23. c4 Qd6 24. Qe2 Nc6 25. Ra1 Nd4 26. Bxd4 Qxd4+ 27. Qf2 Qxd3
28. Qxc5 Rfc8 29. Qd5 Qxc4 30. Qxc4 Rxc4 31. Ra7 Rf8 32. b3 Rd4 33. Rb7 f5 34.
Rc1 Rf7 35. Rc8+ Bf8 36. Rxf7 Kxf7 37. exf5 gxf5 38. Bf1 Be7 39. Bc4+ Kg6 40.
Rg8+ Kh5 41. Be2+ Kh4 42. Rg7 Bc5 43. Rxh7+ Kxg5 44. Kf1 Rf4+ 45. Ke1 Rh4 46.
Rg7+ Kf4 47. Rg2 Bd4 48. Bc4 Rh3 49. Re2 Bg1 50. Kf1 Bxh2 51. Kg2 Rh6 52. Rf2+
Kg5 53. Kf3 e4+ 54. Ke3 Bg1 0-1

[Event "HUN Team League Csongrad Region 2019–2"]
[Site "Csongrád County"]
[Date "2020.02.23"]
[Round "7.1"]
[White "Blazsik, Zoltan"]
[Black "Ver, Imre"]
[Result "0-1"]
[WhiteElo "1634"]
[BlackElo "1699"]
[PlyCount "94"]
[EventDate "2019.09.29"]
[WhiteTeam "Maróczy III."]
[BlackTeam "Röszke"]

1. c4 c5 2. Nf3 Nf6 3. Nc3 e6 4. g3 Be7 5. Bg2 d5 6. cxd5 exd5 7. d4 c4 8. O-O
O-O 9. b3 Qa5 10. Bb2 b5 11. Ne5 b4 12. Nxd5 Nxd5 13. bxc4 Nb6 14. Bxa8 Nxa8
15. d5 Rd8 16. Qb3 Nb6 17. Rfd1 Qc5 18. Rac1 a5 19. Bd4 Qc7 20. Qf3 Na4 21. Qb3
Nc5 22. Qe3 Bd6 23. Nd3 Nba6 24. Nxc5 Nxc5 25. Qg5 Bf8 26. Be5 Qe7 27. Qe3 f6
28. Bd4 Qxe3 29. Bxe3 Bd6 30. Bd4 Kf7 31. f4 Bf5 32. Kf2 Re8 33. e3 Rc8 34. Ra1
Nd3+ 35. Kf3 Nc5 36. Bxc5 Rxc5 37. Rac1 Bd7 38. Ke4 g6 39. Kd4 f5 40. Rd3 Bb5
41. h3 a4 42. Rc2 Ke7 43. g4 Kd7 44. Rdd2 Ba6 45. Rd1 Bf8 46. Rb1 Rc8 47. c5
Bg7# 0-1

[Event "HUN Team League Csongrad Region 2019–2"]
[Site "Csongrád County"]
[Date "2020.02.23"]
[Round "7.1"]
[White "Sipos, Kalman"]
[Black "Jojart, Zsolt"]
[Result "0-1"]
[WhiteElo "1667"]
[BlackElo "1672"]
[PlyCount "78"]
[EventDate "2019.09.29"]
[WhiteTeam "Röszke"]
[BlackTeam "Maróczy III."]

1. e4 c5 2. c3 Nf6 3. e5 Nd5 4. d4 cxd4 5. Nf3 e6 6. cxd4 d6 7. Be2 Nc6 8. O-O
Be7 9. Nc3 Nxc3 10. bxc3 O-O 11. Bf4 f6 12. exd6 Bxd6 13. Bxd6 Qxd6 14. Nd2 Ne7
15. Ne4 Qc7 16. Qb3 Kh8 17. Bf3 Rb8 18. Nc5 e5 19. Rab1 Bf5 20. Ne6 Bxe6 21.
Qxe6 Ng6 22. Rb3 Rfe8 23. Qg4 Qe7 24. Be4 Nf4 25. Rfb1 exd4 26. Rxb7 f5 27.
Qxf4 Rxb7 28. Rxb7 Qxb7 29. Bd3 Re1+ 30. Bf1 Qb5 31. c4 Qe5 32. Qd2 h6 33. c5
d3 34. Qxd3 Qxc5 35. h3 Ra1 36. Qb3 Qc1 37. Qd3 Rb1 38. a4 Qe1 39. a5 Rd1 0-1

[Event "HUN Team League Csongrad Region 2019–2"]
[Site "Csongrád County"]
[Date "2020.02.23"]
[Round "7.1"]
[White "Vadkerti, Vince"]
[Black "Abraham, Lajos"]
[Result "0-1"]
[WhiteElo "1460"]
[BlackElo "1622"]
[PlyCount "104"]
[EventDate "2019.09.29"]
[WhiteTeam "Maróczy III."]
[BlackTeam "Röszke"]

1. e4 e5 2. Nc3 Nf6 3. Bc4 Nc6 4. d3 Na5 5. f4 d6 6. Nf3 Nxc4 7. dxc4 Bg4 8.
fxe5 Bxf3 9. Qxf3 dxe5 10. Bg5 Bb4 11. O-O Bxc3 12. Qxc3 Qd4+ 13. Qxd4 exd4 14.
Bxf6 gxf6 15. Rxf6 Rg8 16. Raf1 Rg7 17. e5 Ke7 18. g3 Rd8 19. R6f3 h5 20. c3
dxc3 21. Rxc3 h4 22. Ra3 hxg3 23. Rxg3 Rxg3+ 24. hxg3 Rd4 25. Rf4 Rd2 26. Rf2
Rd1+ 27. Rf1 Rxf1+ 28. Kxf1 Ke6 29. Ke2 Kxe5 30. Ke3 a5 31. g4 a4 32. c5 b6 33.
cxb6 cxb6 34. a3 b5 35. Kf3 Kd4 36. Kf4 Kc4 37. Kf5 Kb3 38. Kf6 Kxb2 39. Kxf7
b4 40. axb4 a3 41. g5 a2 42. g6 a1=Q 43. g7 Qa7+ 44. Kf8 Qa8+ 45. Kf7 Qd5+ 46.
Kf8 Qf5+ 47. Ke7 Qg6 48. Kf8 Qf6+ 49. Kg8 Kc3 50. Kh7 Qf7 51. Kh6 Qg8 52. b5
Kd4 0-1

[Event "HUN Team League Csongrad Region 2019–2"]
[Site "Csongrád County"]
[Date "2020.02.23"]
[Round "7.2"]
[White "Gyugyi, Peter"]
[Black "Leszko, Bence"]
[Result "0-1"]
[WhiteElo "1968"]
[BlackElo "2261"]
[PlyCount "60"]
[EventDate "2019.09.29"]
[WhiteTeam "Üllés"]
[BlackTeam "Meritum II."]

1. e4 e6 2. d4 d5 3. Nd2 Nc6 4. Bb5 Nf6 5. e5 Nd7 6. Ngf3 a6 7. Bxc6 bxc6 8.
Nb3 c5 9. Bg5 Be7 10. Na5 Nb8 11. Bxe7 Qxe7 12. dxc5 Qxc5 13. Nb3 Qe7 14. Qd4
Nd7 15. O-O c5 16. Qg4 O-O 17. Rfe1 f5 18. Qg5 Qe8 19. Qf4 Bb7 20. Na5 Rb8 21.
a3 Ba8 22. b4 Qe7 23. Rab1 Rfc8 24. c3 d4 25. Qg5 Qf8 26. Qd2 Be4 27. Rb2 dxc3
28. Qxc3 cxb4 29. Qd4 bxa3 30. Rxb8 Nxb8 0-1

[Event "HUN Team League Csongrad Region 2019–2"]
[Site "Csongrád County"]
[Date "2020.02.23"]
[Round "7.2"]
[White "Csikos, Mihaly"]
[Black "Papp, Zoltan"]
[Result "0-1"]
[WhiteElo "2031"]
[BlackElo "1821"]
[PlyCount "126"]
[EventDate "2019.09.29"]
[WhiteTeam "Meritum II."]
[BlackTeam "Üllés"]

1. d4 d5 2. c4 c6 3. e3 Nf6 4. Nc3 e6 5. Nf3 Bd6 6. Qc2 Nbd7 7. cxd5 exd5 8.
Bd3 O-O 9. O-O Re8 10. b3 Nf8 11. h3 Ng6 12. Re1 Bb4 13. Bd2 Bxc3 14. Bxc3 Ne4
15. Bb2 Qf6 16. Bxe4 Rxe4 17. Nd2 Re7 18. Ba3 Re8 19. Nf1 Bf5 20. Qd2 Nh4 21.
Qe2 Qg6 22. f3 Bxh3 23. g4 Bxf1 24. Kxf1 f5 25. Qf2 Qh6 26. Rad1 fxg4 27. fxg4
Qg5 28. Ke2 Qxg4+ 29. Kd3 Qe4+ 30. Kc3 Re6 31. Rd3 Nf5 32. Rf1 g6 33. Qh2 Rf6
34. Rf4 Qe6 35. Qf2 Re8 36. Kd2 Kg7 37. Bb2 Nd6 38. Kc2 Rxf4 39. Qxf4 Rf8 40.
Qh4 Qf6 41. Qh3 Qf5 42. Qxf5 Rxf5 43. b4 Rf2+ 44. Kb3 Nc4 45. Bc3 Re2 46. a4
Rxe3 47. Rd1 h5 48. b5 h4 49. Kb4 h3 50. Be1 h2 51. Bc3 g5 52. bxc6 bxc6 53.
Rh1 Re2 54. Be1 Rxe1 55. Rxe1 g4 56. Kc5 g3 57. Kxc6 g2 58. Kxd5 Nb6+ 59. Kc6
h1=Q 60. Re7+ Kf6 61. Rxa7 g1=Q+ 62. Kb5 Qxd4 63. Ra5 Qb7 0-1

[Event "HUN Team League Csongrad Region 2019–2"]
[Site "Csongrád County"]
[Date "2020.02.23"]
[Round "7.2"]
[White "Gera, Mihaly"]
[Black "Papp, Bence"]
[Result "0-1"]
[WhiteElo "1797"]
[BlackElo "2140"]
[PlyCount "62"]
[EventDate "2019.09.29"]
[WhiteTeam "Üllés"]
[BlackTeam "Meritum II."]

1. e4 e6 2. d4 d5 3. exd5 exd5 4. Nf3 Bd6 5. Bd3 Ne7 6. Bg5 h6 7. Be3 Bg4 8. h3
Bh5 9. g4 Bg6 10. Nc3 c6 11. Qd2 Nd7 12. O-O-O b5 13. Bxg6 Nxg6 14. Rhe1 O-O
15. g5 h5 16. Ne2 Nb6 17. b3 Qb8 18. Ne5 Nc4 19. Nxc4 bxc4 20. Rf1 a5 21. f4 a4
22. Kb1 axb3 23. cxb3 cxb3 24. Qb2 Rxa2 25. Rd2 Rxb2+ 26. Kxb2 Re8 27. Bf2 Qb4
28. Nc3 Qa3+ 29. Kb1 Ra8 30. Na2 bxa2+ 31. Ka1 Qc3+ 0-1

[Event "HUN Team League Csongrad Region 2019–2"]
[Site "Csongrád County"]
[Date "2020.02.23"]
[Round "7.2"]
[White "Fabian, Istvan"]
[Black "Toth, Sandor Sr."]
[Result "1/2-1/2"]
[WhiteElo "1731"]
[BlackElo "1745"]
[PlyCount "45"]
[EventDate "2019.09.29"]
[WhiteTeam "Meritum II."]
[BlackTeam "Üllés"]

1. Nf3 d5 2. g3 Nf6 3. Bg2 e6 4. O-O c5 5. d4 Nc6 6. c4 dxc4 7. Qa4 cxd4 8.
Nxd4 Bd7 9. Nxc6 bxc6 10. Qxc4 Rc8 11. Nc3 Be7 12. Be3 Qc7 13. Rac1 Bd6 14.
Rfd1 O-O 15. Qd4 Be5 16. Qxa7 Qxa7 17. Bxa7 Ra8 18. Bc5 Rfb8 19. Bd6 Bxd6 20.
Rxd6 Rxb2 21. Bxc6 Bxc6 22. Rxc6 g6 23. e4 1/2-1/2

[Event "HUN Team League Csongrad Region 2019–2"]
[Site "Csongrád County"]
[Date "2020.02.23"]
[Round "7.2"]
[White "Molnar, Jeno"]
[Black "Havasi, Gergely Bulcsu"]
[Result "0-1"]
[WhiteElo "1593"]
[BlackElo "1454"]
[PlyCount "100"]
[EventDate "2019.09.29"]
[WhiteTeam "Üllés"]
[BlackTeam "Meritum II."]

1. e4 e6 2. d4 d5 3. Nc3 c6 4. Nf3 Bb4 5. e5 h6 6. Bd3 Nd7 7. O-O c5 8. Be3 c4
9. Be2 Ne7 10. Bd2 Bxc3 11. Bxc3 b5 12. a4 Ba6 13. axb5 Bxb5 14. b3 Qc8 15. Bb4
a6 16. bxc4 Bxc4 17. Bxc4 Qxc4 18. c3 Nc6 19. Ra4 Nb6 20. Ra3 Nxb4 21. cxb4 O-O
22. Qa1 Qc8 23. Rc1 Qb7 24. Rac3 Nc4 25. Qa2 Qxb4 26. Rb3 Qa5 27. Qxa5 Nxa5 28.
Rb6 Nc4 29. Rc6 a5 30. Kf1 a4 31. Ke2 a3 32. Nd2 a2 33. Ra1 Rfb8 34. Nxc4 dxc4
35. Rxc4 Rb1 36. Rc1 Rxc1 37. Rxc1 a1=Q 38. Rxa1 Rxa1 39. h4 f6 40. exf6 gxf6
41. g3 Kf7 42. h5 e5 43. dxe5 fxe5 44. Ke3 Kf6 45. g4 Ra3+ 46. Ke2 Kg5 47. f3
Kf4 48. Kf2 Ra2+ 49. Kg1 Kg3 50. Kh1 Ra1# 0-1

[Event "HUN Team League Csongrad Region 2019–2"]
[Site "Csongrád County"]
[Date "2020.02.23"]
[Round "7.2"]
[White "Havasi, Mate Pal"]
[Black "Heintz, Sebestyen"]
[Result "0-1"]
[WhiteElo "1306"]
[BlackElo "1655"]
[PlyCount "94"]
[EventDate "2019.09.29"]
[WhiteTeam "Meritum II."]
[BlackTeam "Üllés"]

1. Nf3 c5 2. g3 b6 3. Bg2 Bb7 4. O-O Nf6 5. d3 e6 6. Nbd2 d5 7. c4 Be7 8. a3
O-O 9. Rb1 Nc6 10. b3 h6 11. Bb2 Rb8 12. Bxf6 Bxf6 13. b4 dxc4 14. dxc4 cxb4
15. axb4 Bc3 16. b5 Na5 17. Rc1 Bxd2 18. Qxd2 Qe7 19. Qc3 Rfc8 20. Qd3 Qb4 21.
Ne5 Bxg2 22. Kxg2 Rd8 23. Qc3 Qc5 24. Nd3 Qc7 25. c5 bxc5 26. Ra1 Rxb5 27. Rfb1
Qb7+ 28. f3 Rxb1 29. Nxc5 Qb5 30. Rxb1 Qxb1 31. Qxa5 Qd1 32. Kf2 Rd2 33. Qa6
Rc2 34. Ne4 Qd4+ 35. Kg2 Rc1 36. Nf2 Qe3 37. Qb5 Kh7 38. Qb2 a5 39. Qa2 a4 40.
Ng4 Rg1+ 41. Kh3 Qg5 42. Qc2+ g6 43. Nf6+ Qxf6 44. Qxa4 Qe5 45. g4 Rh1 46. f4
Qe3+ 47. Kg2 Rg1# 0-1

[Event "HUN Team League Csongrad Region 2019–2"]
[Site "Csongrád County"]
[Date "2020.02.23"]
[Round "7.2"]
[White "Gabor, Geza"]
[Black "Nyulasz, Adam"]
[Result "1-0"]
[WhiteElo "1597"]
[BlackElo "1048"]
[PlyCount "111"]
[EventDate "2019.09.29"]
[WhiteTeam "Üllés"]
[BlackTeam "Meritum II."]

1. e4 c6 2. d4 g6 3. Nc3 Bg7 4. e5 f6 5. f4 f5 6. Nf3 d5 7. exd6 exd6 8. Bc4 d5
9. Bd3 Nf6 10. O-O O-O 11. a4 Re8 12. Ne5 Nbd7 13. b4 Nxe5 14. fxe5 Ne4 15.
Bxe4 fxe4 16. Be3 Rf8 17. Qd2 Qe8 18. Bh6 Bf5 19. b5 Rf7 20. Rf2 Qf8 21. Be3
Qe7 22. h3 Raf8 23. a5 c5 24. Nxd5 Qe6 25. c4 cxd4 26. Bxd4 Bxe5 27. g4 Bxd4
28. Qxd4 e3 29. Qxe3 Qxe3 30. Nxe3 Bd3 31. Rxf7 Rxf7 32. Rd1 Be2 33. Rd2 Bf3
34. Rf2 b6 35. axb6 axb6 36. Kh2 Bb7 37. Rxf7 Kxf7 38. Kg3 Ke6 39. Kf4 Kf6 40.
h4 Ba8 41. Nd5+ Ke6 42. Nxb6 Bh1 43. Nd5 h6 44. g5 h5 45. b6 Bxd5 46. cxd5+ Kd6
47. Ke4 Kd7 48. Ke5 Kc8 49. Kf6 Kb7 50. Kxg6 Kxb6 51. Kxh5 Kc5 52. Kg6 Kxd5 53.
h5 Ke6 54. h6 Ke7 55. h7 Kf8 56. h8=Q+ 1-0

[Event "HUN Team League Csongrad Region 2019–2"]
[Site "Csongrád County"]
[Date "2020.02.23"]
[Round "7.2"]
[White "Helenyi, Zoltan"]
[Black "Hodi, Adam"]
[Result "1-0"]
[WhiteElo "1991"]
[BlackElo "1222"]
[PlyCount "93"]
[EventDate "2019.09.29"]
[WhiteTeam "Meritum II."]
[BlackTeam "Üllés"]

1. c4 g6 2. Nc3 Bg7 3. Nf3 e5 4. g3 Ne7 5. d4 Nbc6 6. d5 Nd4 7. Nxd4 exd4 8.
Nb5 c6 9. Nd6+ Kf8 10. Bg2 Be5 11. Bh6+ Kg8 12. Ne4 f5 13. Ng5 Qa5+ 14. Kf1 f4
15. Nf3 d6 16. Nxe5 dxe5 17. gxf4 Nf5 18. Bg5 h6 19. Bf6 Rh7 20. fxe5 c5 21. e6
Qb6 22. Qc2 Kf8 23. Be4 Bxe6 24. dxe6 Qxe6 25. Bxf5 Qxf5 26. Qxf5 gxf5 27. Rg1
Rf7 28. Be5 Ke7 29. Rg6 Rd8 30. Rxh6 f4 31. Rg6 Rf5 32. Bc7 Rc8 33. Ba5 Kf7 34.
Rg4 f3 35. Bd2 Rh8 36. exf3 Rxh2 37. Kg1 Rfh5 38. Kf1 d3 39. Re1 Rh8 40. Re5
Rh1+ 41. Rg1 Rxg1+ 42. Kxg1 Rg8+ 43. Rg5 Re8 44. Rd5 Rg8+ 45. Kf1 Rh8 46. Rxd3
Rh1+ 47. Ke2 1-0

[Event "HUN Team League Csongrad Region 2019–2"]
[Site "Csongrád County"]
[Date "2020.02.23"]
[Round "7.3"]
[White "Balogh, Ferenc"]
[Black "Varga, Gabor"]
[Result "0-1"]
[WhiteElo "1924"]
[BlackElo "1853"]
[PlyCount "70"]
[EventDate "2019.09.29"]
[WhiteTeam "Maróczy V."]
[BlackTeam "Meritum III."]

1. e4 c5 2. d3 e6 3. g3 Nc6 4. Bg2 d5 5. Nc3 Nf6 6. Nge2 d4 7. Nb1 e5 8. O-O
Bd6 9. a4 Be6 10. Na3 a6 11. Bg5 h6 12. Bxf6 Qxf6 13. c4 g5 14. f3 h5 15. h3
Qg6 16. Kh2 Kd7 17. Nc2 Raf8 18. Ng1 f5 19. exf5 Bxf5 20. Ne1 Nb4 21. Qb3 Bxd3
22. Nxd3 Qxd3 23. Ra3 Qxb3 24. Rxb3 g4 25. fxg4 Rxf1 26. Bxf1 hxg4 27. Kg2
gxh3+ 28. Nxh3 e4 29. Ng5 e3 30. Bd3 Nxd3 31. Rxd3 Rg8 32. Ne4 Ke6 33. Nxd6
Kxd6 34. b4 Rf8 35. g4 e2 0-1

[Event "HUN Team League Csongrad Region 2019–2"]
[Site "Csongrád County"]
[Date "2020.02.23"]
[Round "7.3"]
[White "Kurucz, Gergely"]
[Black "Tornyai, Jeno"]
[Result "1/2-1/2"]
[WhiteElo "1611"]
[BlackElo "1781"]
[PlyCount "125"]
[EventDate "2019.09.29"]
[WhiteTeam "Meritum III."]
[BlackTeam "Maróczy V."]

1. e4 d5 2. exd5 Nf6 3. Nc3 Nxd5 4. Bc4 Nb6 5. Bb3 Nc6 6. Nf3 e5 7. d3 Bg4 8.
h3 Bh5 9. g4 Bg6 10. Qe2 Qe7 11. h4 h5 12. g5 O-O-O 13. Be3 Nd4 14. Bxd4 exd4
15. Qxe7 Bxe7 16. Nb5 Bb4+ 17. Kf1 a5 18. Nbxd4 a4 19. Bc4 Nxc4 20. dxc4 c5 21.
c3 Ba5 22. Nb5 Bd3+ 23. Kg2 Bxc4 24. Na3 Bd5 25. Nc2 f6 26. Ne3 Bc6 27. Nf5 Rd7
28. Rad1 fxg5 29. hxg5 Bc7 30. Rxd7 Kxd7 31. Rd1+ Ke6 32. N5h4 Rf8 33. Rd3 Rf4
34. Kh3 Kf7 35. Re3 Bd7+ 36. Kg2 Rxh4 37. Nxh4 Bf4 38. g6+ Kf6 39. Rd3 Bc6+ 40.
Kg1 Kg5 41. Ng2 c4 42. Rd4 Bc1 43. Rxc4 Bxb2 44. Ne3 Kxg6 45. Nc2 a3 46. Nb4
Bf3 47. Nd3 b5 48. Nxb2 bxc4 49. Nxc4 Bd5 50. Nxa3 Bxa2 51. Nc2 Kf5 52. c4 Ke4
53. c5 Be6 54. Nb4 Kd4 55. Na6 Bc8 56. Nc7 Kxc5 57. Ne8 g6 58. Kg2 Kd5 59. Kg3
Bf5 60. Kh4 Ke5 61. Kg5 Bb1 62. f4+ Kd4 63. Nf6 1/2-1/2

[Event "HUN Team League Csongrad Region 2019–2"]
[Site "Csongrád County"]
[Date "2020.02.23"]
[Round "7.3"]
[White "Szamko, Szabolcs"]
[Black "Filep, Miklos Sr."]
[Result "1/2-1/2"]
[WhiteElo "1594"]
[BlackElo "1540"]
[PlyCount "114"]
[EventDate "2019.09.29"]
[WhiteTeam "Maróczy V."]
[BlackTeam "Meritum III."]

1. e4 c5 2. Nf3 Nc6 3. Bc4 e6 4. Nc3 a6 5. a3 Qc7 6. d3 Nf6 7. Be3 d6 8. Qe2
Be7 9. h3 O-O 10. g4 Rd8 11. Bf4 Nd4 12. Qd1 b5 13. Ba2 Nxf3+ 14. Qxf3 Bb7 15.
Rg1 Bc6 16. g5 Ne8 17. h4 g6 18. h5 Ng7 19. hxg6 hxg6 20. Qh3 Nh5 21. Rh1 Kg7
22. Be3 Rh8 23. Qg2 Qb7 24. Ne2 Rac8 25. Kd2 a5 26. Nf4 Nxf4 27. Bxf4 e5 28.
Be3 f5 29. gxf6+ Bxf6 30. Rag1 Be8 31. Be6 Rc7 32. Bf5 Rxh1 33. Qxh1 Kf8 34.
Bxg6 Qc8 35. Bh6+ Bg7 36. Qf3+ Kg8 37. Bxg7 Rxg7 38. Bf5 Qc7 39. Be6+ Bf7 40.
Rxg7+ Kxg7 41. Qg4+ Kf8 42. Qf5 Qe7 43. Bd5 Kg7 44. Qxf7+ Qxf7 45. Bxf7 Kxf7
46. Ke3 Ke6 47. f3 d5 48. exd5+ Kxd5 49. c3 a4 50. Kd2 c4 51. Ke3 cxd3 52. Kxd3
Kc5 53. Ke4 Kd6 54. Kf5 Kd5 55. Kf6 Kd6 56. Kf5 Kd5 57. Kf6 Kd6 1/2-1/2

[Event "HUN Team League Csongrad Region 2019–2"]
[Site "Csongrád County"]
[Date "2020.02.23"]
[Round "7.3"]
[White "Lauko, Denes"]
[Black "Puskas, Mihaly"]
[Result "1/2-1/2"]
[WhiteElo "1442"]
[BlackElo "1416"]
[PlyCount "90"]
[EventDate "2019.09.29"]
[WhiteTeam "Meritum III."]
[BlackTeam "Maróczy V."]

1. e4 e5 2. Nf3 Nc6 3. Bc4 Bc5 4. Nc3 Nf6 5. d3 d6 6. h3 Bd7 7. a3 h6 8. Be3
Bxe3 9. fxe3 O-O 10. O-O Ne7 11. d4 Ng6 12. Re1 a6 13. Qd2 b5 14. Ba2 c6 15. b4
a5 16. Qd3 axb4 17. axb4 Qc7 18. Ne2 Ra7 19. Bb3 Rfa8 20. Rxa7 Rxa7 21. Ng3 Kf8
22. Qc3 Ra3 23. Ra1 Qa7 24. Rxa3 Qxa3 25. Kf2 h5 26. Ng5 h4 27. Ne2 Ke7 28. Kf3
Be6 29. Bxe6 Qxc3 30. Nxc3 fxe6 31. g3 hxg3 32. Kxg3 exd4 33. exd4 e5 34. Ne2
Ne8 35. Kg4 Kf6 36. Nh7+ Kf7 37. Kf5 Ne7+ 38. Kg4 exd4 39. Nxd4 Nf6+ 40. Nxf6
Kxf6 41. Kf4 Ng6+ 42. Kf3 Ne5+ 43. Kf4 Ng6+ 44. Kg3 Ne5 45. h4 Kg6 1/2-1/2

[Event "HUN Team League Csongrad Region 2019–2"]
[Site "Csongrád County"]
[Date "2020.02.23"]
[Round "7.3"]
[White "Szamko, Hanna"]
[Black "Kohari, Akos Istvan"]
[Result "1-0"]
[WhiteElo "1426"]
[BlackElo "1308"]
[PlyCount "61"]
[EventDate "2019.09.29"]
[WhiteTeam "Maróczy V."]
[BlackTeam "Meritum III."]

1. e4 c5 2. Nf3 Nc6 3. d4 cxd4 4. Nxd4 e5 5. Nf3 Bc5 6. Bc4 h6 7. O-O Nf6 8. a3
O-O 9. b4 Bd4 10. c3 Bb6 11. Bd5 d6 12. h3 Be6 13. c4 Qd7 14. Kh2 Bxd5 15. cxd5
Nd4 16. Re1 Rac8 17. Ra2 Rc7 18. Be3 Rfc8 19. Nxd4 exd4 20. Bf4 g5 21. Bd2 d3
22. Qf3 Qe7 23. g3 Rc4 24. Qf5 Nxe4 25. f3 Nxd2 26. Rxe7 Nf1+ 27. Kg2 Rc2+ 28.
Rxc2 Rxc2+ 29. Kxf1 Rc1+ 30. Re1 d2 31. Nxd2 1-0

[Event "HUN Team League Csongrad Region 2019–2"]
[Site "Csongrád County"]
[Date "2020.02.23"]
[Round "7.3"]
[White "Tamas, Attila"]
[Black "Dernovics, Aron"]
[Result "1-0"]
[WhiteElo "1315"]
[BlackElo "1394"]
[PlyCount "73"]
[EventDate "2019.09.29"]
[WhiteTeam "Meritum III."]
[BlackTeam "Maróczy V."]

1. e4 e5 2. Nf3 Nc6 3. Nc3 Nf6 4. Bc4 h6 5. O-O Bb4 6. d3 Bxc3 7. bxc3 d6 8.
Re1 Na5 9. Bb3 Nxb3 10. cxb3 Bg4 11. d4 exd4 12. cxd4 O-O 13. Qc2 Bxf3 14. gxf3
c6 15. Bf4 Re8 16. Rad1 Nh5 17. Bg3 Qf6 18. Re3 Nf4 19. Bxf4 Qxf4 20. Kh1 Re6
21. Rg1 Rg6 22. Rxg6 fxg6 23. Qd2 Rf8 24. e5 dxe5 25. dxe5 Re8 26. Qc3 Rd8 27.
Qc2 Qd4 28. Kg2 Rd5 29. e6 Re5 30. Rd3 Qh4 31. Re3 Rxe3 32. fxe3 Qg5+ 33. Kf2
Kf8 34. Qc4 Qd5 35. Qf4+ Ke7 36. Qf7+ Kd6 37. Qd7+ 1-0

[Event "HUN Team League Csongrad Region 2019–2"]
[Site "Csongrád County"]
[Date "2020.02.23"]
[Round "7.3"]
[White "Korosi, Zsombor"]
[Black "Kohari, Bank Gyorgy"]
[Result "1/2-1/2"]
[WhiteElo "1248"]
[BlackElo "1263"]
[PlyCount "115"]
[EventDate "2019.09.29"]
[WhiteTeam "Maróczy V."]
[BlackTeam "Meritum III."]

1. e4 e5 2. Nf3 Nc6 3. Bc4 Bc5 4. d3 f6 5. Nc3 d6 6. O-O Nge7 7. Be3 Bxe3 8.
fxe3 Na5 9. Bb3 Nxb3 10. axb3 Be6 11. d4 O-O 12. Nh4 f5 13. dxe5 d5 14. exd5
Nxd5 15. Nxd5 Bxd5 16. Nxf5 Be4 17. Qxd8 Raxd8 18. Nd4 Rxf1+ 19. Rxf1 Re8 20.
c3 Rxe5 21. g3 Bd5 22. Kf2 c5 23. Nb5 a6 24. Na3 Bxb3 25. Re1 Bd5 26. Ke2 c4
27. Rd1 b5 28. Nc2 Kf7 29. Nb4 Ke6 30. Nxa6 Rf5 31. Rf1 Rxf1 32. Kxf1 Kf5 33.
Kf2 Ke4 34. Nb4 Be6 35. Ke2 Bg4+ 36. Kf2 Be6 37. Ke2 Bg4+ 38. Kf2 Be6 39. Ke1
Kxe3 40. Nc2+ Kd3 41. Nb4+ Ke3 42. Nc2+ Kd3 43. Nd4 Bd7 44. Kd1 Ke3 45. Ke1 Kd3
46. h4 Ke3 47. g4 Kf4 48. g5 Kg4 49. Kf2 Kxh4 50. Nf3+ Kh5 51. Kg3 Bg4 52. Ne5
Be6 53. Nf3 h6 54. gxh6 gxh6 55. Nd4 Bd7 56. Nf3 Bg4 57. Ne5 Be6 58. Nf3
1/2-1/2

[Event "HUN Team League Csongrad Region 2019–2"]
[Site "Csongrád County"]
[Date "2020.02.23"]
[Round "7.4"]
[White "Megyaszai, Balazs"]
[Black "Balassy, Gabor"]
[Result "1/2-1/2"]
[WhiteElo "1904"]
[BlackElo "1821"]
[PlyCount "33"]
[EventDate "2019.09.29"]
[WhiteTeam "Maróczy IV."]
[BlackTeam "Makó III."]

1. e4 c6 2. d4 d5 3. exd5 cxd5 4. Bd3 Nc6 5. c3 Nf6 6. h3 g6 7. Nd2 Bg7 8. Nb3
Qc7 9. Ne2 O-O 10. Bf4 Qb6 11. O-O Re8 12. Re1 Nd7 13. Bh2 e5 14. dxe5 Ndxe5
15. Ned4 Bd7 16. Nf3 Rad8 17. Bf4 1/2-1/2

[Event "HUN Team League Csongrad Region 2019–2"]
[Site "Csongrád County"]
[Date "2020.02.23"]
[Round "7.4"]
[White "Csibor, Andras"]
[Black "Tenk, Zoltan"]
[Result "0-1"]
[WhiteElo "1810"]
[BlackElo "1868"]
[PlyCount "70"]
[EventDate "2019.09.29"]
[WhiteTeam "Makó III."]
[BlackTeam "Maróczy IV."]

1. d4 d5 2. c4 e6 3. Nc3 Nf6 4. e3 Be7 5. Nf3 O-O 6. Bd3 b6 7. O-O Bb7 8. cxd5
exd5 9. Ne5 c5 10. f4 Nbd7 11. Qf3 Re8 12. g4 Nf8 13. g5 Ne4 14. Bb5 f6 15.
Bxe8 fxe5 16. Bh5 exd4 17. exd4 cxd4 18. Ne2 Ba6 19. Rd1 d3 20. Nc3 Bc5+ 21.
Kg2 Bb7 22. Rxd3 Nxc3 23. bxc3 Qe7 24. Qe2 Qc7 25. Qd1 Rd8 26. Bf3 Qf7 27. c4
d4 28. Bxb7 Qxb7+ 29. Qf3 Qa6 30. Qd1 Ng6 31. Qc2 Qb7+ 32. Kg3 Qe4 33. Qd1 Bd6
34. Qf3 Qe1+ 35. Kg2 Nh4+ 0-1